| 000 | 01775nam a2200505 i 4500 | ||
|---|---|---|---|
| 001 | 43982 | ||
| 003 | KOSZ 005 | ||
| 005 | 20240405063144.0 | ||
| 008 | 031210s2003 pl a f |000 0 pol | ||
| 015 | _aPB 2003/22120 | ||
| 020 | _a8388469177 | ||
| 035 | _a991022060249705066 | ||
| 035 | _a(PL-WaBN)b15955527-48omnis_nlop | ||
| 035 | _ab15955527 | ||
| 035 | _a(OCoLC)749362367 | ||
| 035 | _a(PL)b0000001595552 | ||
| 035 | _a(EXLNZ-48OMNIS_NETWORK)9910320617005606 | ||
| 040 |
_aWA N _cWA N _dKOSZ 005/HR |
||
| 041 | 0 | _apol | |
| 046 | _k2003 | ||
| 080 | _a658.11-022.5(438) | ||
| 080 | _a658.11-022.5(4-67) | ||
| 245 | 0 | 0 |
_aZarządzanie małym i średnim przedsiębiorstwem w Polsce i w krajach Unii Europejskiej : _bteoria i praktyka. _nT. 1 / _coprac. i red. nauk. Beata Skowron-Grabowska, Piotr Bartkowiak. |
| 260 |
_aCzęstochowa : _bWydaw. Wydziału Zarządzania Politechniki Częstochowskiej, _c2003. |
||
| 300 |
_a174 s. : _bil. ; _c24 cm. |
||
| 336 |
_2rdacontent _aTekst _btxt |
||
| 337 |
_2rdamedia _aBez urządzenia pośredniczącego _bn |
||
| 338 |
_2rdacarrier _aWolumin _bnc |
||
| 380 | _aKsiążki | ||
| 380 | _aPublikacje naukowe | ||
| 388 | _a2001- | ||
| 504 | _aBibliogr. przy pracach. | ||
| 658 | _aZarządzanie i marketing | ||
| 648 | _a1901-2000 | ||
| 650 | 7 | _aZarządzanie | |
| 651 | 7 | _aPolska | |
| 651 | 7 | _aKraje Unii Europejskiej | |
| 650 | 7 |
_aPrzedsiębiorstwa małe i średnie (MŚP) _2DBN |
|
| 648 | _a1989-2000 | ||
| 700 | 1 |
_aBartkowiak, Piotr _eRedakcja |
|
| 700 | 1 |
_aSkowron-Grabowska, Beata _eRedakcja |
|
| 856 |
_uhttp://koha.tu.koszalin.pl/cgi-bin/koha/opac-detail.pl?biblionumber=43982 _yKatalog online BPK |
||
| 942 |
_2UKD _cKS |
||
| 999 |
_c43982 _d43982 |
||